[Event "Collado Villalba op-B 35th"]
[Site "Collado Villalba ESP"]
[Date "2018.08.25"]
[Round "2.19"]
[White "Herrero Corada, Jose Ignacio"]
[Black "Palacios Sanchez, Victor"]
[Result "1-0"]
[WhiteElo "1764"]
[BlackElo "1449"]
[PlyCount "87"]
[EventDate "2018.08.24"]
[EventType "swiss"]
[EventRounds "9"]
[EventCountry "ESP"]
[SourceTitle "Ajedrez en Madrid"]
[Source "lmi"]
[SourceDate "2018.08.24"]

1. e4 c5 2. d4 cxd4 3. Nf3 a6 4. c3 dxc3 5. Nxc3 e6 6. Bc4 b5 7. Bb3 Qc7 8. O-O
d6 9. Qe2 Nc6 10. Bf4 Nf6 11. Rac1 Bb7 12. Rfd1 Be7 13. Nd5 exd5 14. exd5 Nd4
15. Nxd4 Qd7 16. Nc6 Rc8 17. Re1 Ng8 18. Qf3 Bxc6 19. dxc6 Qf5 20. Qg3 Qg6 21.
Qxg6 hxg6 22. Bxd6 Kf8 23. Rxe7 Nxe7 24. c7 Ke8 25. Re1 Kd7 26. Bxe7 Rhe8 27.
Bb4 Rxc7 28. Bxf7 Rxe1+ 29. Bxe1 Rc8 30. Kf1 g5 31. b4 Kd6 32. Bb3 Ke5 33. Ke2
Kd4 34. Bd2 Re8+ 35. Kf3 g4+ 36. Kg3 Rb8 37. Kxg4 Rb7 38. Be3+ Kc3 39. Bc5 Rd7
40. h4 Rd2 41. Kf5 Kd3 42. g4 Ke2 43. h5 a5 44. Bb6 1-0

[Event "Collado Villalba op-B 35th"]
[Site "Collado Villalba ESP"]
[Date "2018.08.25"]
[Round "2.20"]
[White "Penas Merino, Ramona"]
[Black "Fernandez Martinez, Luis"]
[Result "0-1"]
[WhiteElo "1440"]
[BlackElo "1566"]
[PlyCount "74"]
[EventDate "2018.08.24"]
[EventType "swiss"]
[EventRounds "9"]
[EventCountry "ESP"]
[SourceTitle "Ajedrez en Madrid"]
[Source "lmi"]
[SourceDate "2018.08.24"]

1. d4 e6 2. Nf3 d5 3. e3 f5 4. Nbd2 Nf6 5. Ne5 Bd6 6. Ndf3 h6 7. b3 g5 8. Bb2
Nbd7 9. c4 c6 10. c5 Bc7 11. b4 g4 12. Nxd7 Qxd7 13. Nd2 Qg7 14. Qc2 O-O 15.
O-O-O Bd7 16. Be2 Be8 17. f3 Bg6 18. Rdg1 g3 19. hxg3 Bxg3 20. Qc3 h5 21. f4
Ng4 22. Bxg4 fxg4 23. Rf1 Qf6 24. a4 a6 25. Nb3 Qf5 26. Kd2 Qe4 27. Kc1 h4 28.
Rhg1 Rf7 29. Nd2 Qf5 30. Nb3 Rb8 31. Na5 Qe4 32. Qb3 Bf2 33. Kd2 Bxg1 34. Rxg1
Bf5 35. Rh1 h3 36. gxh3 gxh3 37. Ke2 Bg4+ 0-1

[Event "Collado Villalba op-B 35th"]
[Site "Collado Villalba ESP"]
[Date "2018.08.25"]
[Round "2.21"]
[White "Marret, Constantin Pierre"]
[Black "Enriquez Pastor, Jorge"]
[Result "1/2-1/2"]
[WhiteElo "1565"]
[BlackElo "1430"]
[PlyCount "212"]
[EventDate "2018.08.24"]
[EventType "swiss"]
[EventRounds "9"]
[EventCountry "ESP"]
[SourceTitle "Ajedrez en Madrid"]
[Source "lmi"]
[SourceDate "2018.08.24"]

1. d4 e6 2. Nf3 d5 3. g3 Nf6 4. Bg2 c5 5. c3 Nc6 6. O-O Be7 7. Nbd2 Qb6 8. e3
O-O 9. Qc2 Bd7 10. Re1 Rac8 11. a4 cxd4 12. exd4 Nxd4 13. Nxd4 Qxd4 14. Qxh7+
Kxh7 15. cxd4 Bb4 16. Rd1 Rc2 17. Nb3 Rfc8 18. h3 Ne8 19. Bf1 Kg8 20. Bd3 R2c7
21. Bf4 Bd6 22. Bd2 b6 23. a5 Be7 24. axb6 axb6 25. Kg2 Bc6 26. Bf4 Nd6 27.
Rdc1 g5 28. Bd2 Nc4 29. Bc3 Rb8 30. Kh2 b5 31. Bxc4 bxc4 32. Nc5 Rcc8 33. Ra5
Rb5 34. Rca1 Rxa5 35. Rxa5 Rb8 36. Ra6 Bb5 37. Ra5 Bf6 38. f4 gxf4 39. gxf4 Bd8
40. Ra3 Bc7 41. Kg3 Kh7 42. Ra7 Rc8 43. Kf3 Kg6 44. Kg4 Bd6 45. Na4 Rc7 46. Ra5
Bc6 47. Ra6 Be7 48. Ba5 Rc8 49. Nc3 Ra8 50. Rxa8 Bxa8 51. h4 f5+ 52. Kh3 Bf6
53. Ne2 Bc6 54. Bc3 Ba4 55. Ng3 Bd1 56. Nh1 Bg4+ 57. Kg2 Kh5 58. Nf2 Kxh4 59.
Be1 Kh5 60. Bc3 Be7 61. b3 cxb3 62. Bb2 Bd6 63. Nd3 Be2 64. Ne5 Bd1 65. Kf2 Kh4
66. Ke3 Kg3 67. Bc1 Bc2 68. Bb2 Bb4 69. Ng6 Bd6 70. Ne5 Kg2 71. Ke2 Be4 72. Bc1
Bf8 73. Ng6 Bh6 74. Ke3 Kg3 75. Ba3 Kg4 76. Bc1 Bg7 77. Bb2 Kh5 78. Ne5 Bh6 79.
Bc1 Bf8 80. Bb2 Bb4 81. Nc6 Be1 82. Nd8 Kg4 83. Nxe6 Kg3 84. Ke2 Bf2 85. Bc1
Bc2 86. Bb2 Kg2 87. Ng5 Bg1 88. Ne6 Bh2 89. Bc1 Be4 90. Nc5 Bf3+ 91. Kd3 Be4+
92. Kc3 Kf3 93. Ne6 Bc2 94. Bd2 Ke2 95. Nc5 Bg3 96. Ne6 Be1 97. Bxe1 Kxe1 98.
Nc7 Kd1 99. Kb2 Ke2 100. Nxd5 Kd3 101. Ne7 Ke4 102. d5 Bd3 103. d6 Bb5 104.
Kxb3 Kxf4 105. Kb4 Bd7 106. Kc5 Ke5 1/2-1/2

[Event "Collado Villalba op-B 35th"]
[Site "Collado Villalba ESP"]
[Date "2018.08.25"]
[Round "2.22"]
[White "Orta Vazquez, Mario"]
[Black "Dominguez Coig, Alvaro"]
[Result "0-1"]
[WhiteElo "1429"]
[BlackElo "1564"]
[PlyCount "58"]
[EventDate "2018.08.24"]
[EventType "swiss"]
[EventRounds "9"]
[EventCountry "ESP"]
[SourceTitle "Ajedrez en Madrid"]
[Source "lmi"]
[SourceDate "2018.08.24"]

1. c4 Nf6 2. Nc3 e6 3. d4 b6 4. e4 Bb7 5. e5 Ne4 6. Nxe4 Bxe4 7. Nf3 d6 8. Bf4
Nd7 9. Be2 dxe5 10. dxe5 Bb4+ 11. Bd2 Be7 12. O-O O-O 13. Bf4 f5 14. Nd2 Bb7
15. Bf3 c6 16. a3 g5 17. Be3 Nxe5 18. Nb3 Nxc4 19. Qc2 Ne5 20. Bh5 c5 21. Rfe1
Qd5 22. f4 Nf7 23. Rad1 Qc6 24. Bf3 Qc7 25. Nd4 Bxf3 26. Nxe6 Qc6 27. gxf3 Qxe6
28. Bxc5 Bxc5+ 29. Qxc5 Qxe1+ 0-1

[Event "Collado Villalba op-B 35th"]
[Site "Collado Villalba ESP"]
[Date "2018.08.25"]
[Round "2.23"]
[White "Caravantes Camacho, Fernando"]
[Black "Murillo Paz, Pedro"]
[Result "1-0"]
[WhiteElo "1561"]
[BlackElo "1428"]
[PlyCount "95"]
[EventDate "2018.08.24"]
[EventType "swiss"]
[EventRounds "9"]
[EventCountry "ESP"]
[SourceTitle "Ajedrez en Madrid"]
[Source "lmi"]
[SourceDate "2018.08.24"]

1. Nf3 Nc6 2. d4 d5 3. Bf4 Nf6 4. Na3 a6 5. h3 e6 6. e3 Bd6 7. Bxd6 Qxd6 8. c4
dxc4 9. Nxc4 Qb4+ 10. Qd2 Qe7 11. Bd3 O-O 12. a3 b5 13. Nce5 Nxe5 14. dxe5 Nd5
15. O-O Bb7 16. Qc2 f5 17. exf6 Nxf6 18. Ne5 g6 19. e4 Nh5 20. h4 h6 21. Nf3
Rxf3 22. gxf3 Rf8 23. Rfc1 c6 24. Qc5 Qxh4 25. Qe5 Nf4 26. Bf1 g5 27. Rd1 g4
28. Rd7 Rf7 29. Rxf7 Nh3+ 30. Bxh3 Kxf7 31. Bxg4 Qe7 32. Qh5+ Kg7 33. Kg2 c5
34. Rh1 Qf6 35. e5 Qf4 36. Bxe6 Be4 37. Qf7+ Qxf7 38. Bxf7 Bc2 39. e6 Kf8 40.
Rxh6 Ke7 41. Bg6 Bb3 42. Bf5 b4 43. Rh7+ Kf6 44. Rf7+ Ke5 45. f4+ Kd6 46. Rd7+
Kc6 47. Be4+ Kb5 48. e7 1-0

[Event "Collado Villalba op-B 35th"]
[Site "Collado Villalba ESP"]
[Date "2018.08.25"]
[Round "2.24"]
[White "Fernandez Garcia, Emiliano"]
[Black "Perez Rodrigo, Alicia"]
[Result "1-0"]
[WhiteElo "1545"]
[BlackElo "1351"]
[PlyCount "91"]
[EventDate "2018.08.24"]
[EventType "swiss"]
[EventRounds "9"]
[EventCountry "ESP"]
[SourceTitle "Ajedrez en Madrid"]
[Source "lmi"]
[SourceDate "2018.08.24"]

1. d4 g6 2. Nc3 Bg7 3. Bg5 d6 4. Nf3 Nd7 5. e4 f6 6. Bh4 Nh6 7. Bc4 Nf7 8. Qe2
e5 9. O-O-O Qe7 10. Nd5 Qd8 11. dxe5 dxe5 12. Nc3 c6 13. Bxf7+ Kxf7 14. Qc4+
Ke8 15. Nxe5 Qe7 16. Nf3 Nb6 17. Qd3 Be6 18. e5 Nc4 19. a3 g5 20. exf6 Bxf6 21.
Bg3 Rd8 22. Qxd8+ Qxd8 23. Rxd8+ Kxd8 24. Re1 Bf5 25. Ne5 Nxe5 26. Bxe5 Bxe5
27. Rxe5 Rf8 28. f3 h6 29. Kd2 Bd7 30. Ne2 Re8 31. Rxe8+ Kxe8 32. Ke3 Bf5 33.
c3 Kf7 34. Kd4 Kf6 35. Ng3 Bg6 36. Ne4+ Bxe4 37. Kxe4 h5 38. g3 b5 39. b4 a6
40. Kd4 Ke6 41. Kc5 g4 42. f4 Kf5 43. Kxc6 h4 44. Kb6 hxg3 45. hxg3 Ke4 46.
Kxa6 1-0

[Event "Collado Villalba op-B 35th"]
[Site "Collado Villalba ESP"]
[Date "2018.08.25"]
[Round "2.25"]
[White "Rufo Yebra, Benito"]
[Black "Benito Alba, Eladio"]
[Result "0-1"]
[WhiteElo "1425"]
[BlackElo "1535"]
[PlyCount "83"]
[EventDate "2018.08.24"]
[EventType "swiss"]
[EventRounds "9"]
[EventCountry "ESP"]
[SourceTitle "Ajedrez en Madrid"]
[Source "lmi"]
[SourceDate "2018.08.24"]

1. d4 d5 2. e3 Nf6 3. Nc3 Bf5 4. Bd3 Bxd3 5. Qxd3 e6 6. Nf3 Bd6 7. Bd2 Nbd7 8.
e4 Nxe4 9. Nxe4 dxe4 10. Qxe4 Nf6 11. Qd3 c6 12. h4 Qc7 13. g3 Ng4 14. Qe2 Nxf2
15. Ne5 Nxh1 16. O-O-O Bxe5 17. dxe5 O-O-O 18. Rxh1 Rd5 19. Re1 Rhd8 20. Bb4 c5
21. Ba3 a6 22. b3 Qa5 23. Kb2 b5 24. Bxc5 Rxc5 25. Qf3 Qxe1 26. Qa8+ Kd7 27.
Qa7+ Rc7 28. Qxa6 Qc3+ 29. Ka3 Qc5+ 30. Kb2 Ra7 31. Qd6+ Qxd6 32. exd6 Kxd6 33.
Kc3 Ke5 34. Kb4 Rd5 35. a4 bxa4 36. bxa4 Rd4+ 37. c4 Rd1 38. c5 Kd5 39. a5 Rb1+
40. Kc3 Rxa5 41. Kd3 Ra3+ 42. Ke2 0-1

[Event "Collado Villalba op-B 35th"]
[Site "Collado Villalba ESP"]
[Date "2018.08.25"]
[Round "2.26"]
[White "Rodriguez Gomez, Jose"]
[Black "Ruiz Grau, David"]
[Result "1-0"]
[WhiteElo "1534"]
[BlackElo "1277"]
[PlyCount "65"]
[EventDate "2018.08.24"]
[EventType "swiss"]
[EventRounds "9"]
[EventCountry "ESP"]
[SourceTitle "Ajedrez en Madrid"]
[Source "lmi"]
[SourceDate "2018.08.24"]

1. e4 c6 2. d4 d5 3. e5 Bf5 4. Nf3 e6 5. Be2 c5 6. c3 Nc6 7. O-O Nh6 8. h3 Bg6
9. Be3 Nf5 10. Bg5 Qb6 11. Qb3 Qxb3 12. axb3 cxd4 13. c4 h6 14. Bf4 Nb4 15.
cxd5 Nxd5 16. Bb5+ Kd8 17. Bd2 Bb4 18. Ra4 Bxd2 19. Nbxd2 Nc7 20. Bd3 Ke7 21.
Nxd4 Rhd8 22. N2f3 Nxd4 23. Bxg6 Nxf3+ 24. gxf3 fxg6 25. Rg4 g5 26. f4 Rd4 27.
Rc1 Kd7 28. Rc4 Rxc4 29. bxc4 Ne8 30. fxg5 h5 31. Rf4 Ke7 32. g6 Rd8 33. Rf7#
1-0

[Event "Collado Villalba op-B 35th"]
[Site "Collado Villalba ESP"]
[Date "2018.08.25"]
[Round "2.27"]
[White "Ariza del Castillo, Pablo"]
[Black "Llanas Del Hoyo, Andres"]
[Result "1/2-1/2"]
[WhiteElo "1170"]
[BlackElo "1509"]
[PlyCount "54"]
[EventDate "2018.08.24"]
[EventType "swiss"]
[EventRounds "9"]
[EventCountry "ESP"]
[SourceTitle "Ajedrez en Madrid"]
[Source "lmi"]
[SourceDate "2018.08.24"]

1. d4 f5 2. c4 Nf6 3. Nc3 e6 4. Nf3 c6 5. g3 d5 6. cxd5 exd5 7. Bg2 Bd6 8. Ne5
Be6 9. f4 Nbd7 10. O-O O-O 11. a3 Ne4 12. Nxe4 dxe4 13. e3 Nxe5 14. fxe5 Be7
15. b4 a5 16. Bd2 axb4 17. Bxb4 Bxb4 18. axb4 Qd5 19. Rb1 Ra2 20. Rf2 Rfa8 21.
Rxa2 Rxa2 22. Bf1 Ra3 23. Qc1 Rb3 24. Rxb3 Qxb3 25. Qd2 Bc4 26. Bxc4+ Qxc4 27.
Kf2 Kf7 1/2-1/2

[Event "Collado Villalba op-B 35th"]
[Site "Collado Villalba ESP"]
[Date "2018.08.25"]
[Round "2.28"]
[White "Criado Herrero, Luis"]
[Black "Rapaport, Andres Natalio"]
[Result "0-1"]
[WhiteElo "1488"]
[BlackElo "1277"]
[PlyCount "72"]
[EventDate "2018.08.24"]
[EventType "swiss"]
[EventRounds "9"]
[EventCountry "ESP"]
[SourceTitle "Ajedrez en Madrid"]
[Source "lmi"]
[SourceDate "2018.08.24"]

1. e4 e5 2. Nf3 Nc6 3. Bb5 Nf6 4. d3 Bc5 5. Be3 Bxe3 6. fxe3 Qe7 7. Nc3 O-O 8.
Qe2 Qb4 9. O-O-O a6 10. a3 Qe7 11. Bxc6 dxc6 12. h3 b5 13. d4 exd4 14. exd4 b4
15. axb4 Qxb4 16. Ne5 Bb7 17. Rd3 a5 18. Rhd1 a4 19. Na2 Qd6 20. Nc4 Qe7 21.
Re3 Ba6 22. Qd3 Rfd8 23. Rde1 c5 24. d5 c6 25. Qc3 Bxc4 26. Qxc4 Qe5 27. c3 Qg5
28. Kb1 a3 29. b3 Qxg2 30. R3e2 Qxh3 31. Qxc5 Qd3+ 32. Kc1 cxd5 33. Nb4 Qf3 34.
exd5 Rac8 35. Qa5 Qxc3+ 36. Nc2 Qxa5 0-1

[Event "Collado Villalba op-B 35th"]
[Site "Collado Villalba ESP"]
[Date "2018.08.25"]
[Round "2.29"]
[White "Martinez Martinez, Antonio"]
[Black "Martin Rodriguez, Jose Luis"]
[Result "1-0"]
[WhiteElo "1480"]
[BlackElo "1266"]
[PlyCount "114"]
[EventDate "2018.08.24"]
[EventType "swiss"]
[EventRounds "9"]
[EventCountry "ESP"]
[SourceTitle "Ajedrez en Madrid"]
[Source "lmi"]
[SourceDate "2018.08.24"]

1. e4 e6 2. d4 d5 3. e5 c5 4. c3 Nc6 5. Bb5 Bd7 6. Bxc6 Bxc6 7. Be3 Qb6 8. b3
Rc8 9. a4 Bd7 10. a5 Qc7 11. Nf3 h6 12. O-O c4 13. Nfd2 Bb5 14. Re1 Ne7 15. Na3
Ba6 16. b4 b6 17. Qa4+ b5 18. Nxb5 Bxb5 19. Qxb5+ Qc6 20. Qxc6+ Nxc6 21. b5 Nd8
22. Reb1 Be7 23. Rb2 O-O 24. a6 Rb8 25. Raa2 f5 26. exf6 Bxf6 27. Bf4 Rc8 28.
Bd6 Rf7 29. Bc5 Rxc5 30. dxc5 Bxc3 31. Rc2 Bd4 32. Nf3 Bxc5 33. Ne5 Rc7 34. Kf1
Bb6 35. Ra3 Rc5 36. Rb2 Rc7 37. Nf3 Nf7 38. Re2 Re7 39. Ra1 g5 40. h3 h5 41. g3
g4 42. hxg4 hxg4 43. Nh2 Nh6 44. Re5 Kh7 45. Rae1 Rf7 46. R1e2 Nf5 47. Ke1 Nd4
48. Ra2 Nf3+ 49. Nxf3 Rxf3 50. Rxe6 c3 51. Rxb6 Rf8 52. Rb7+ Kg8 53. Rd7 Rc8
54. Rc2 Rc5 55. Ke2 Rxb5 56. Rxc3 Rb2+ 57. Ke3 d4+ 1-0

[Event "Collado Villalba op-B 35th"]
[Site "Collado Villalba ESP"]
[Date "2018.08.26"]
[Round "3.1"]
[White "Fernandez Rios, Jose Francisco"]
[Black "Tirado Parra, Alberto"]
[Result "1/2-1/2"]
[WhiteElo "1729"]
[BlackElo "1837"]
[PlyCount "77"]
[EventDate "2018.08.24"]
[EventType "swiss"]
[EventRounds "9"]
[EventCountry "ESP"]
[SourceTitle "Ajedrez en Madrid"]
[Source "lmi"]
[SourceDate "2018.08.24"]

1. d4 d5 2. c4 e6 3. Nf3 c6 4. Bg5 Qb6 5. Qc2 Nd7 6. e3 Ngf6 7. a3 Ne4 8. Bf4
a5 9. Bd3 Ndf6 10. O-O Be7 11. Ne5 g5 12. Bg3 h5 13. f3 Nxg3 14. hxg3 dxc4 15.
Nxc4 Qc7 16. Ne5 Bd6 17. f4 Ng4 18. Qe2 Bd7 19. Nc3 f5 20. Rac1 Bxe5 21. dxe5
Qb6 22. Rfe1 gxf4 23. gxf4 a4 24. Nd1 Ra5 25. Nf2 Rc5 26. Nxg4 hxg4 27. Qf2
Rxc1 28. Rxc1 Qd8 29. Rc4 c5 30. Rxc5 Bc6 31. Rc3 Qe7 32. Bb5 Qh7 33. Bxc6+
bxc6 34. Kf1 Qd7 35. Qc2 Rh1+ 36. Kf2 Rd1 37. Ke2 Rg1 38. Kf2 Rd1 39. Ke2
1/2-1/2

[Event "Collado Villalba op-B 35th"]
[Site "Collado Villalba ESP"]
[Date "2018.08.26"]
[Round "3.2"]
[White "Ballina Amandi, Casimiro"]
[Black "De Dompablo Fantova, Juan"]
[Result "1-0"]
[WhiteElo "1781"]
[BlackElo "1638"]
[PlyCount "111"]
[EventDate "2018.08.24"]
[EventType "swiss"]
[EventRounds "9"]
[EventCountry "ESP"]
[SourceTitle "Ajedrez en Madrid"]
[Source "lmi"]
[SourceDate "2018.08.24"]

1. e4 g6 2. d4 d6 3. Nc3 Bg7 4. f4 Nf6 5. e5 Nfd7 6. Bc4 Nb6 7. Bd3 dxe5 8.
fxe5 O-O 9. Nf3 Bg4 10. Be3 Nc6 11. Be2 Nb4 12. Qd2 N4d5 13. Bh6 Nxc3 14. bxc3
Qd5 15. Bxg7 Kxg7 16. O-O Rad8 17. Qg5 Qe6 18. h3 Bf5 19. Bd3 Bxd3 20. cxd3 h6
21. Qd2 a5 22. c4 a4 23. d5 Qd7 24. Qb2 e6 25. d6 Qc6 26. Rab1 Nd7 27. Qxb7
Qxb7 28. Rxb7 cxd6 29. exd6 Nc5 30. Rc7 Nxd3 31. c5 e5 32. Rb1 e4 33. Nd4 Nxc5
34. Rxc5 Rxd6 35. Nb5 Rd2 36. Nc3 e3 37. Re5 Rd3 38. Nxa4 Ra8 39. Nb2 Rd2 40.
Nc4 Rf2 41. Nxe3 Raxa2 42. Rf1 Rfd2 43. Re7 Kg8 44. Rexf7 Ra1 45. Ng4 Rxf1+ 46.
Rxf1 Kg7 47. Ra1 g5 48. Ra7+ Kg6 49. Ra6+ Kf5 50. Nxh6+ Kf4 51. Ra4+ Ke5 52.
Ng4+ Kf5 53. Ra5+ Kf4 54. Kh2 Re2 55. Ne5 Kf5 56. Nf3+ 1-0

[Event "Collado Villalba op-B 35th"]
[Site "Collado Villalba ESP"]
[Date "2018.08.26"]
[Round "3.3"]
[White "Mataix Fernandez, Ricardo"]
[Black "Gamboa Ondono, Jesus"]
[Result "0-1"]
[WhiteElo "1724"]
[BlackElo "1749"]
[PlyCount "64"]
[EventDate "2018.08.24"]
[EventType "swiss"]
[EventRounds "9"]
[EventCountry "ESP"]
[SourceTitle "Ajedrez en Madrid"]
[Source "lmi"]
[SourceDate "2018.08.24"]

1. d4 Nf6 2. Bf4 e6 3. e3 c5 4. c3 Nc6 5. Nd2 d5 6. Ngf3 Qb6 7. Rb1 c4 8. Ne5
Be7 9. Be2 Bd7 10. Bh5 Nxe5 11. dxe5 Nxh5 12. Qxh5 Qa5 13. a3 Ba4 14. e4 Bc2
15. Rc1 Bd3 16. exd5 Qxd5 17. Qf3 Qb5 18. Ne4 Qxb2 19. Nd6+ Bxd6 20. exd6 Rd8
21. Qe3 O-O 22. h4 Rfe8 23. Rh3 e5 24. Bh2 f5 25. Qd2 Qxa3 26. Rg3 f4 27. Rxd3
cxd3 28. f3 Rxd6 29. Bg1 e4 30. fxe4 Rxe4+ 31. Kf1 Re2 32. Qd1 d2 0-1

[Event "Collado Villalba op-B 35th"]
[Site "Collado Villalba ESP"]
[Date "2018.08.26"]
[Round "3.4"]
[White "Liceras Ruiz, Manuel"]
[Black "Garcia Serrano, Jose Manuel"]
[Result "1/2-1/2"]
[WhiteElo "1642"]
[BlackElo "1908"]
[PlyCount "84"]
[EventDate "2018.08.24"]
[EventType "swiss"]
[EventRounds "9"]
[EventCountry "ESP"]
[SourceTitle "Ajedrez en Madrid"]
[Source "lmi"]
[SourceDate "2018.08.24"]

1. e4 e5 2. Nf3 Nc6 3. Bb5 a6 4. Ba4 Nf6 5. O-O Be7 6. Re1 b5 7. Bb3 O-O 8. a4
Rb8 9. d3 h6 10. c3 Re8 11. Nbd2 Bf8 12. h3 d5 13. Qe2 Be6 14. Bc2 Qd7 15. Rd1
Nh7 16. Nf1 f5 17. exf5 Bxf5 18. Ng3 Be6 19. c4 Nd4 20. Nxd4 exd4 21. axb5 Bxh3
22. Qf1 Bg4 23. f3 Bd6 24. Ne2 Rf8 25. Rxa6 Rb6 26. Rxb6 cxb6 27. Qf2 Qe7 28.
Re1 Qc7 29. b3 Nf6 30. Qh4 Bh5 31. Bf4 Bxf4 32. Qxf4 Qe7 33. Qxd4 Re8 34. Qf2
Qb4 35. Kf1 Qd2 36. Ng3 Rxe1+ 37. Qxe1 Qxc2 38. Nxh5 Qxd3+ 39. Kf2 Qd4+ 40. Kf1
Qd3+ 41. Kf2 Qd4+ 42. Kf1 Qd3+ 1/2-1/2

[Event "Collado Villalba op-B 35th"]
[Site "Collado Villalba ESP"]
[Date "2018.08.26"]
[Round "3.5"]
[White "Suarez Paz, Alfonso"]
[Black "Lucia Carpintero, Oscar"]
[Result "1-0"]
[WhiteElo "1842"]
[BlackElo "1659"]
[PlyCount "142"]
[EventDate "2018.08.24"]
[EventType "swiss"]
[EventRounds "9"]
[EventCountry "ESP"]
[SourceTitle "Ajedrez en Madrid"]
[Source "lmi"]
[SourceDate "2018.08.24"]

1. e4 e6 2. d4 d5 3. Nd2 Nc6 4. c3 e5 5. exd5 Qxd5 6. Qb3 Qxb3 7. Nxb3 exd4 8.
cxd4 Nb4 9. Kd1 Bf5 10. Bd2 Bc2+ 11. Kc1 Bxb3 12. axb3 Nf6 13. Nf3 a6 14. Bc4
O-O-O 15. Be3 Ne4 16. Ne5 Nd6 17. Nxf7 Nxf7 18. Bxf7 Be7 19. Rd1 c6 20. Rd2
Rhf8 21. Bh5 Nd5 22. Bf3 Nxe3 23. fxe3 Bg5 24. Rd3 Rxd4 25. Kc2 Rxd3 26. Kxd3
Bf6 27. Kc2 Be5 28. h3 Kc7 29. Re1 b5 30. Re2 a5 31. Kb1 Kb6 32. Rd2 Rf7 33.
Rc2 Rc7 34. Rd2 Ra7 35. Rd8 Re7 36. Rd3 Ra7 37. Rd2 a4 38. bxa4 bxa4 39. Rc2 c5
40. Ka2 Bd6 41. Rc4 Be5 42. Ka3 Rd7 43. Be4 Rd2 44. Rc2 Rxc2 45. Bxc2 Kb5 46.
Bxh7 c4 47. Bf5 Bd6+ 48. Ka2 Kb4 49. Kb1 c3 50. Be6 cxb2 51. Kxb2 Be5+ 52. Kc2
a3 53. Kd3 Bg3 54. Bd5 Kc5 55. Bf7 Kd6 56. Ke4 Ke7 57. Ba2 Kf6 58. Kf3 Be5 59.
g3 Kf5 60. h4 Bb2 61. g4+ Ke5 62. g5 Kf5 63. Bb1+ Ke5 64. Kg4 Bc1 65. Kf3 Ke6
66. h5 Ke5 67. Ke2 a2 68. Bxa2 Bxe3 69. Kxe3 Kf5 70. Bb1+ Kxg5 71. Bg6 Kh6 1-0

[Event "Collado Villalba op-B 35th"]
[Site "Collado Villalba ESP"]
[Date "2018.08.26"]
[Round "3.6"]
[White "Fernandez Estremera, Fernando"]
[Black "Gallego Romero, Manuel"]
[Result "1-0"]
[WhiteElo "1830"]
[BlackElo "1406"]
[PlyCount "49"]
[EventDate "2018.08.24"]
[EventType "swiss"]
[EventRounds "9"]
[EventCountry "ESP"]
[SourceTitle "Ajedrez en Madrid"]
[Source "lmi"]
[SourceDate "2018.08.24"]

1. d4 d5 2. Nc3 c6 3. Bg5 Qb6 4. Qd2 e6 5. O-O-O Nd7 6. e3 Ngf6 7. Bd3 Bb4 8.
Nge2 a5 9. f3 a4 10. Rhe1 c5 11. dxc5 Qxc5 12. Bb5 O-O 13. Qd4 Bxc3 14. Nxc3 a3
15. b3 Ra7 16. Bxd7 Nxd7 17. e4 h6 18. Bd2 Nf6 19. exd5 Rd8 20. Bf4 Qa5 21.
Bxh6 Rd7 22. g4 b5 23. Bxg7 Kxg7 24. g5 b4 25. gxf6+ 1-0

[Event "Collado Villalba op-B 35th"]
[Site "Collado Villalba ESP"]
[Date "2018.08.26"]
[Round "3.7"]
[White "Munoz Morato, Miguel"]
[Black "Pardo Robles, Jose Manuel"]
[Result "1-0"]
[WhiteElo "1708"]
[BlackElo "1795"]
[PlyCount "89"]
[EventDate "2018.08.24"]
[EventType "swiss"]
[EventRounds "9"]
[EventCountry "ESP"]
[SourceTitle "Ajedrez en Madrid"]
[Source "lmi"]
[SourceDate "2018.08.24"]

1. c4 Nf6 2. Nc3 g6 3. g3 d5 4. cxd5 Nxd5 5. Bg2 c6 6. Qb3 Nb6 7. Nf3 Be6 8.
Qc2 Bg7 9. O-O O-O 10. Rb1 Na6 11. a3 Nc7 12. d3 Nbd5 13. Ng5 Bd7 14. Nge4 Nxc3
15. bxc3 b6 16. Bb2 Bf5 17. c4 e5 18. a4 Rb8 19. Ba3 c5 20. a5 Re8 21. axb6
axb6 22. Nc3 Bd7 23. Na4 Re6 24. Nc3 Bc6 25. e4 Re8 26. Nd5 Ne6 27. Bb2 Nd4 28.
Bxd4 exd4 29. f4 Bf8 30. e5 Kg7 31. Rb2 Re6 32. Rfb1 b5 33. Bh3 b4 34. Bxe6
fxe6 35. Nf6 h5 36. Ra1 Be7 37. Ra7 Kh6 38. g4 Bxf6 39. exf6 Rb7 40. g5+ Kh7
41. Rba2 Qc7 42. Rxb7 Bxb7 43. Qa4 Qc8 44. f7 e5 45. f8=N+ 1-0

[Event "Collado Villalba op-B 35th"]
[Site "Collado Villalba ESP"]
[Date "2018.08.26"]
[Round "3.8"]
[White "Palomares Cortez, Facundo Sebast"]
[Black "Navas Hernando, Oscar"]
[Result "1-0"]
[WhiteElo "1486"]
[BlackElo "1790"]
[PlyCount "89"]
[EventDate "2018.08.24"]
[EventType "swiss"]
[EventRounds "9"]
[EventCountry "ESP"]
[SourceTitle "Ajedrez en Madrid"]
[Source "lmi"]
[SourceDate "2018.08.24"]

1. e4 g6 2. d4 Bg7 3. c4 d6 4. Nc3 Nf6 5. h3 O-O 6. Nf3 e5 7. d5 Na6 8. Bd3 Nc5
9. b4 Nxd3+ 10. Qxd3 a5 11. b5 b6 12. Be3 Nh5 13. O-O-O Nf4 14. Bxf4 exf4 15.
Rhe1 Re8 16. Ne2 Bd7 17. Ned4 Qf6 18. Rd2 Re7 19. Rde2 Rae8 20. Qc2 Bh6 21. a4
Qh8 22. Kd2 Bg7 23. Qd3 Bf6 24. Nc2 Qg7 25. Ncd4 Qf8 26. Nc2 Bg7 27. Nfd4 f5
28. exf5 Rxe2+ 29. Rxe2 Bxf5 30. Rxe8 Qxe8 31. Nxf5 gxf5 32. Qxf5 Be5 33. Ne1
Qe7 34. Nd3 Qh4 35. Qg4+ Qxg4 36. hxg4 Kf7 37. Nxe5+ dxe5 38. Kd3 Ke7 39. Ke4
Kd6 40. g5 Kc5 41. Kxe5 Kb4 42. Kd4 Kb3 43. c5 Kxa4 44. cxb6 cxb6 45. Kc4 1-0

[Event "Collado Villalba op-B 35th"]
[Site "Collado Villalba ESP"]
[Date "2018.08.26"]
[Round "3.9"]
[White "Tevar Sanz, Gonzalo"]
[Black "Teran Gonzalez, Adrian"]
[Result "1-0"]
[WhiteElo "1757"]
[BlackElo "1327"]
[PlyCount "85"]
[EventDate "2018.08.24"]
[EventType "swiss"]
[EventRounds "9"]
[EventCountry "ESP"]
[SourceTitle "Ajedrez en Madrid"]
[Source "lmi"]
[SourceDate "2018.08.24"]

1. d4 d5 2. Bf4 c5 3. c3 Nc6 4. e3 Nf6 5. Bd3 c4 6. Bc2 Qb6 7. b3 Qa5 8. bxc4
dxc4 9. Ne2 Bg4 10. f3 Bd7 11. O-O e5 12. dxe5 Nxe5 13. Nd2 Nd3 14. Nxc4 Qa6
15. Bxd3 Bb5 16. Ne5 Bxd3 17. Qxd3 Qxd3 18. Nxd3 Rd8 19. Rfd1 Rc8 20. Bg5 Nd5
21. Nb4 Nxc3 22. Nxc3 Bxb4 23. Nd5 Ba5 24. Rac1 Rc6 25. Kf1 f6 26. Bf4 Kf7 27.
Rxc6 bxc6 28. Nc7 Rb8 29. Rd7+ Kg6 30. g4 Rb7 31. h4 h6 32. e4 Rb1+ 33. Ke2 Rb7
34. h5+ Kh7 35. Bd6 Rb2+ 36. Kf1 Rb1+ 37. Kg2 Rb2+ 38. Kh3 Rf2 39. Ne8 Rxf3+
40. Kg2 Rd3 41. Rxg7+ Kh8 42. Rg6 Bd2 43. Nxf6 1-0

[Event "Collado Villalba op-B 35th"]
[Site "Collado Villalba ESP"]
[Date "2018.08.26"]
[Round "3.10"]
[White "Gonzalez Pinar, Adrian"]
[Black "Rodriguez del Moral, Angel"]
[Result "1-0"]
[WhiteElo "1593"]
[BlackElo "1728"]
[PlyCount "77"]
[EventDate "2018.08.24"]
[EventType "swiss"]
[EventRounds "9"]
[EventCountry "ESP"]
[SourceTitle "Ajedrez en Madrid"]
[Source "lmi"]
[SourceDate "2018.08.24"]

1. c4 Nf6 2. Nc3 c6 3. Nf3 d5 4. e3 Bg4 5. cxd5 Nxd5 6. Be2 Nd7 7. d4 N7f6 8.
h3 Bh5 9. Ne5 Bxe2 10. Qxe2 e6 11. e4 Nb6 12. Nf3 Be7 13. O-O O-O 14. Bf4 c5
15. Rfd1 cxd4 16. Nxd4 Qc8 17. Rac1 Qc4 18. Nd5 Qxa2 19. Nxe7+ Kh8 20. Ra1 Qc4
21. Qxc4 Nxc4 22. b3 Nb6 23. f3 Rfe8 24. Bd6 a6 25. Ne2 e5 26. Nf5 Re6 27. Bc5
g6 28. Nh6 Kg7 29. Ng4 Nfd7 30. Bxb6 Nxb6 31. Rac1 Re7 32. Nc3 Rae8 33. Ne3 Rc7
34. Ncd5 Nxd5 35. Nxd5 Rd7 36. Rc4 b5 37. Rc6 a5 38. Ra1 a4 39. Nf6 1-0